000 00417nam a2200181Ia 4500
001 17079
005 20260306170358.0
008 260306t1995||||xx |||||||||||||| ||und||
041 _aESP
082 _a657.45
_bK38
100 _aKell, Walter G.
_eAUT
245 0 _aAuditoría moderna
260 _c1995
300 _axix, 836 páginas :
_c24 cm.
650 _aGEN
654 _aCCO
942 _cLIB
_dJUS
_fJUS
_2ddc
_n
999 _c17079
_d17079